| 000 | 00797cam a2200229 a 4500 | ||
|---|---|---|---|
| 020 | _a0937295833 (hardcover) | ||
| 020 | _a0937295132 (pbk.) | ||
| 040 | _cDLC | ||
| 082 | 0 | 0 | _a329 PLE 1998 A013 Or. |
| 100 | 1 | _aAdler, Susan S., | |
| 245 | 1 | 0 |
_aSamantha learns a lesson : _ba school story / |
| 260 |
_aMiddleton, WI : _bPleasant Co., _cc1998. |
||
| 300 |
_a61 p. : _bill. (some col.) ; _c22 cm. |
||
| 500 | _a"Book two, 1904"--Cover. | ||
| 520 | _aWhen nine-year-old Nellie begins to attend school, Samantha determines to help her with her schoolwork and learns a great deal herself about what it is like to be a poor child and work in a factory. | ||
| 650 | 1 | _aSchools | |
| 650 | 1 | _aFriendship | |
| 650 | 1 | _aChild labor | |
| 650 | 1 | _aOrphans | |
| 700 | 1 | _aAndreasen, Dan, | |
| 942 | _cEK | ||
| 999 |
_c13326 _d13326 |
||